000 00343nam a2200121Ia 4500
008 220204s9999 xx 000 0 und d
082 _a658.5
_bBUR
100 _aBurbidge, John L
245 0 _aPrinciples of production control
250 _aEd.3
260 _aLondon
_bEnglish language book society & Macdonald and Evans Ltd
_c1971
942 _cBK
999 _c22888
_d22888